[Event "Tuimazy Cup Tuimazy-A op"]
[Site "Tuimazy"]
[Date "2016.09.17"]
[Round "1"]
[White "Khailatypov, Ruzil"]
[Black "Tazetdinov, Munir"]
[Result "1-0"]
[WhiteElo "1781"]
[BlackElo "1824"]
[PlyCount "89"]
[EventDate "2016.09.17"]
[EventType "tourn"]
[EventRounds "7"]
[EventCountry "RUS"]
[SourceTitle "EXT 2022"]
[Source "ChessBase"]
[SourceDate "2021.10.06"]
[SourceVersion "1"]
[SourceVersionDate "2021.10.06"]
[SourceQuality "1"]

1. e4 c5 2. Nf3 d6 3. d4 cxd4 4. Nxd4 Nf6 5. Bd3 g6 6. Nc3 Bg7 7. f4 0-0 8. Bd2 Nc6 9. Nf3 e5 10. h3 Nh5 11. Ne2 exf4 12. c3 Ne5 13. Nxf4 Ng3 14. Rh2 Nxd3+ 15. Nxd3 Nxe4 16. Qc2 Nxd2 17. Qxd2 Re8+ 18. Kd1 Bf5 19. g4 Be4 20. Nfe1 Qa5 21. Nf2 Bd5 22. g5 Be5 23. Ng4 Be6 24. Nh6+ Kg7 25. Rf2 Rac8 26. Kc2 Qa4+ 27. Kc1 Bg3 28. Rf3 Be5 29. Qf2 Re7 30. Nd3 Bd4 31. Qh2 Rec7 32. Nf4 Be5 33. Nxe6+ fxe6 34. Qf2 Qe8 35. Kd2 d5 36. Rf1 Bd6 37. Qd4+ e5 38. Qxd5 Rd8 39. Rf7+ Rxf7 40. Qxf7+ Qxf7 41. Rxf7+ Kh8 42. Rxb7 Bc5+ 43. Ke2 Rf8 44. Ng4 Rf5 45. Nf6 1-0

[Event "Chishmy Cup 08 A"]
[Site "Chishmy"]
[Date "2016.08.11"]
[Round "8"]
[White "Kaspranova, Aigul"]
[Black "Khailatypov, Ruzil"]
[Result "1/2-1/2"]
[WhiteElo "1662"]
[BlackElo "1749"]
[PlyCount "83"]
[EventDate "2016.08.06"]
[EventType "tourn"]
[EventRounds "9"]
[EventCountry "RUS"]
[SourceTitle "EXT 2022"]
[Source "ChessBase"]
[SourceDate "2021.10.06"]
[SourceVersion "1"]
[SourceVersionDate "2021.10.06"]
[SourceQuality "1"]

1. d4 Nf6 2. c4 g6 3. Nf3 Bg7 4. g3 0-0 5. Bg2 c6 6. 0-0 d5 7. Nbd2 Nbd7 8. b3 Nb6 9. cxd5 Nfxd5 10. Bb2 Bg4 11. h3 Bxf3 12. Nxf3 Rc8 13. Qd2 e6 14. e3 Re8 15. Rac1 Nd7 16. Rfd1 Qb6 17. Ne5 Nxe5 18. dxe5 Red8 19. Bd4 c5 20. Bb2 Nf4 21. Qc2 Nxg2 22. Kxg2 Bf8 23. Rxd8 Rxd8 24. Rd1 Qc6+ 25. Kg1 Rd5 26. Rxd5 exd5 27. f4 c4 28. Kf2 Qa6 29. Ba1 cxb3 30. Qxb3 Qc4 31. Qb2 Bc5 32. e6 f6 33. Qxf6 Qc2+ 34. Kf3 Qd1+ 35. Kg2 Qe2+ 36. Kh1 Qf3+ 37. Kh2 Qe2+ 38. Kh1 Qd1+ 39. Kh2 Qc2+ 40. Kh1 Qb1+ 41. Kh2 Qxa2+ 42. Kh1 1/2-1/2

[Event "Chishmy Cup 08 A"]
[Site "Chishmy"]
[Date "2016.08.08"]
[Round "4"]
[White "Khailatypov, Ruzil"]
[Black "Gafarov, Damir"]
[Result "0-1"]
[WhiteElo "1749"]
[BlackElo "1610"]
[PlyCount "70"]
[EventDate "2016.08.06"]
[EventType "tourn"]
[EventRounds "9"]
[EventCountry "RUS"]
[SourceTitle "EXT 2022"]
[Source "ChessBase"]
[SourceDate "2021.10.06"]
[SourceVersion "1"]
[SourceVersionDate "2021.10.06"]
[SourceQuality "1"]

1. e4 c5 2. Nf3 d6 3. c3 Nf6 4. Bc4 Nc6 5. d3 e6 6. Bb3 Be7 7. Be3 b5 8. Nbd2 0-0 9. 0-0 b4 10. h3 Rb8 11. Nh2 bxc3 12. bxc3 Ba6 13. Qc2 d5 14. exd5 exd5 15. f4 Rc8 16. Ndf3 d4 17. Bd2 dxc3 18. Qxc3 Qxd3 19. Rfe1 Qxc3 20. Bxc3 c4 21. Ba4 Bb4 22. Rec1 Bxc3 23. Rxc3 Nd5 24. Ra3 Nxf4 25. Rb1 Nd3 26. Bc2 Ndb4 27. Be4 c3 28. Bxc6 c2 29. Rc1 Rxc6 30. Ne1 Rd8 31. Rb3 Rd1 32. Rxb4 Rxc1 33. Kf2 Rxe1 34. Rd4 Re2+ 35. Kf3 g6 0-1

[Event "Tuimazy-ch"]
[Site "Tuimazy"]
[Date "2016.02.06"]
[Round "10"]
[White "Khailatypov, Ruzil"]
[Black "Bigalin, Ilnar"]
[Result "0-1"]
[WhiteElo "1683"]
[BlackElo "1378"]
[PlyCount "128"]
[EventDate "2016.01.19"]
[EventType "tourn"]
[EventRounds "13"]
[EventCountry "RUS"]
[SourceTitle "CBM 170 Extra"]
[Source "ChessBase"]
[SourceDate "2016.02.25"]
[SourceVersion "1"]
[SourceVersionDate "2016.02.25"]
[SourceQuality "1"]

1. e4 c5 2. d4 cxd4 3. c3 d3 4. Bxd3 Nc6 5. Nf3 g6 6. Be3 Bg7 7. Na3 Nf6 8. Qd2 0-0 9. Nd4 Re8 10. f4 a6 11. h3 b5 12. g4 b4 13. cxb4 Rb8 14. Nac2 Nxd4 15. Bxd4 Bb7 16. Qe2 d6 17. g5 Nh5 18. Bxg7 Kxg7 19. Qe3 e5 20. fxe5 dxe5 21. 0-0 Nf4 22. h4 Qxd3 23. Qxd3 Nxd3 24. Rad1 Rbd8 25. Ne3 Nf4 26. Nc4 Rxd1 27. Rxd1 Re7 28. Kh2 Bc6 29. Kg1 Bb5 30. Ne3 Rd7 31. Re1 Rd2 32. Kh1 Re2 33. Rxe2 Bxe2 34. b3 Nd3 35. Nd5 Bf3+ 36. Kg1 Bxe4 37. Nf6 Bc6 38. a3 Nc1 39. Ng4 e4 40. Ne5 Bd5 41. a4 Nxb3 42. b5 axb5 43. axb5 Nc5 44. b6 f6 45. Ng4 f5 46. Ne5 Na4 47. Nd7 Kf7 48. Kf2 Ke6 49. Nf8+ Ke7 50. Nxh7 Nxb6 51. Nf6 Bf7 52. Kg3 Nd5 53. Nxd5+ Bxd5 54. Kf4 Ke6 55. Ke3 Ke5 56. Ke2 f4 57. Kf2 e3+ 58. Ke2 Ke4 59. Ke1 f3 60. Kf1 Bc4+ 61. Kg1 f2+ 62. Kh2 f1Q 63. h5 Kf3 64. h6 Qg2# 0-1

[Event "Tuimazy-ch"]
[Site "Tuimazy"]
[Date "2016.01.23"]
[Round "3"]
[White "Tazetdinov, Munir"]
[Black "Khailatypov, Ruzil"]
[Result "1/2-1/2"]
[WhiteElo "1757"]
[BlackElo "1689"]
[PlyCount "74"]
[EventDate "2016.01.19"]
[EventType "tourn"]
[EventRounds "13"]
[EventCountry "RUS"]
[SourceTitle "CBM 170 Extra"]
[Source "ChessBase"]
[SourceDate "2016.02.25"]
[SourceVersion "1"]
[SourceVersionDate "2016.02.25"]
[SourceQuality "1"]

1. e4 c5 2. c3 e6 3. d4 cxd4 4. cxd4 d5 5. e5 Nc6 6. Nf3 Qb6 7. Be2 Bb4+ 8. Nc3 Nge7 9. 0-0 Nf5 10. a3 Bxc3 11. bxc3 0-0 12. g4 Nfe7 13. Qc2 Bd7 14. Bd3 h6 15. Kh1 f5 16. exf6 Rxf6 17. Ne5 Nxe5 18. dxe5 Rf3 19. Be3 Qc7 20. Be2 Rf7 21. f4 Rc8 22. Rac1 Bc6 23. Bd4 Rcf8 24. Qd2 Ng6 25. Bc5 d4+ 26. Kg1 Nxf4 27. Rxf4 dxc3 28. Rxf7 cxd2 29. Rxf8+ Kh7 30. Bd3+ g6 31. Rcf1 Be8 32. Bd6 Qc1 33. Be2 Bb5 34. R8f7+ Kg8 35. Rf8+ Kh7 36. R8f7+ Kg8 37. Rf8+ Kh7 1/2-1/2

[Event "Tuimazy-ch"]
[Site "Tuimazy"]
[Date "2016.01.21"]
[Round "2"]
[White "Khailatypov, Ruzil"]
[Black "Makhmutov, Azamat"]
[Result "1-0"]
[WhiteElo "1689"]
[BlackElo "1518"]
[PlyCount "61"]
[EventDate "2016.01.19"]
[EventType "tourn"]
[EventRounds "13"]
[EventCountry "RUS"]
[SourceTitle "CBM 170 Extra"]
[Source "ChessBase"]
[SourceDate "2016.02.25"]
[SourceVersion "1"]
[SourceVersionDate "2016.02.25"]
[SourceQuality "1"]

1. e4 c5 2. Nf3 d6 3. c3 Nf6 4. Bc4 Bg4 5. Qb3 e6 6. d3 Qc7 7. Bf4 Nbd7 8. Nbd2 Be7 9. 0-0 0-0 10. h3 Bh5 11. Ng5 h6 12. Ngf3 a6 13. a4 Nb6 14. e5 Nxc4 15. Qxc4 dxe5 16. Bxe5 Qc8 17. Ne4 Bxf3 18. gxf3 Nd5 19. Kh1 Kh8 20. Nd6 Qc6 21. Rg1 Nf6 22. Qf4 Rad8 23. Rxg7 Kxg7 24. Rg1+ Kh7 25. Bxf6 Bxf6 26. Qxf6 Rg8 27. Qxf7+ Kh8 28. Qf6+ Kh7 29. Qe7+ Kh8 30. Nf7+ Kh7 31. Ng5+ 1-0

[Event "Tuimazy-ch"]
[Site "Tuimazy"]
[Date "2016.01.19"]
[Round "1"]
[White "Zemlyanov, Nikita Anatolievich"]
[Black "Khailatypov, Ruzil"]
[Result "1/2-1/2"]
[WhiteElo "2069"]
[BlackElo "1689"]
[PlyCount "69"]
[EventDate "2016.01.19"]
[EventType "tourn"]
[EventRounds "13"]
[EventCountry "RUS"]
[SourceTitle "CBM 170 Extra"]
[Source "ChessBase"]
[SourceDate "2016.02.25"]
[SourceVersion "1"]
[SourceVersionDate "2016.02.25"]
[SourceQuality "1"]

1. d4 Nf6 2. c4 g6 3. Nc3 Bg7 4. e4 d6 5. f3 0-0 6. Be3 e5 7. d5 Nbd7 8. Qd2 a5 9. Nge2 Nc5 10. g4 h5 11. h3 Kh7 12. Bg5 b6 13. Ng3 h4 14. Bxh4 Nfxe4 15. Bxd8 Nxd2 16. Bxc7 Nxf3+ 17. Kf2 e4 18. Ncxe4 Nxe4+ 19. Nxe4 f5 20. Kxf3 fxe4+ 21. Kxe4 Ba6 22. Bxb6 Rae8+ 23. Kd3 Rf3+ 24. Kd2 Bxb2 25. Rb1 Bc3+ 26. Kc2 Bb4 27. Rb3 Rxf1 28. Rxf1 Bxc4 29. Rf7+ Kg8 30. Rf6 Re2+ 31. Kc1 Re1+ 32. Kb2 Re2+ 33. Kc1 Re1+ 34. Kb2 Re2+ 35. Kc1 1/2-1/2